[Event "FSGM May 2013"]
[Site "Budapest HUN"]
[Date "2013.05.10"]
[Round "9.2"]
[White "Atabayev,M"]
[Black "Kalegin,E"]
[Result "1/2-1/2"]
[WhiteElo "2452"]
[BlackElo "2447"]

1.e4 c5 2.Nf3 e6 3.d4 cxd4 4.Nxd4 a6 5.Nc3 b5 6.Be2 Bb7 7.Bf3 Nc6 8.g3 Rc8
9.O-O Nxd4 10.Qxd4 Nf6 11.a3 Bc5 12.Qd3 e5 13.Bg2 h6 14.h3 d6 15.Be3 Bxe3
16.Qxe3 O-O 17.Rad1 Qc7 18.Rd3 Rfd8 19.Rfd1 Bc6 20.f4 a5 21.b4 axb4 22.axb4 Rd7
23.f5 Ne8 24.Ra1 Qb7 25.Ra5 Nf6 26.g4 Rb8 27.Bf3 Qb6 28.Qxb6 Rxb6 29.h4 Kf8
30.Kf2 Ke7 31.Kg3 g5 32.fxg6 fxg6 33.Re3 Rb8 34.Be2 Rdb7 35.Bd3 g5 36.h5 Bd7
37.Rf3 Rc8 38.Nd5+ Nxd5 39.exd5 Rbc7 40.Ra1 Rc4 41.Bxc4 Rxc4 42.Ra8 Rxg4+
43.Kf2 e4 44.Rfa3 Rf4+ 45.Ke3 Kf6 46.Kd4 e3+ 47.Kxe3 Ke5 48.Rd8 Bg4 49.Re8+ Kxd5
50.Rd3+ Kc6 51.Rh8 Rf3+ 52.Kd2 Rf2+ 53.Ke3 Rf3+ 54.Kd4 Rf4+ 55.Kc3 Rf6 56.Rg3 Bxh5
57.Rh3 Rf3+ 58.Rxf3 Bxf3 59.Rxh6 g4 60.Kd4 g3 61.Rg6 g2 62.Rg7 Kb6 63.Ke3 Bd5
64.c3 Kc6 65.Kd4 Bf3 66.Rg6 Bd5 67.c4 Bxc4 68.Rxg2  1/2-1/2

[Event "Victory Day Open 2013"]
[Site "Moscow RUS"]
[Date "2013.05.10"]
[Round "4.3"]
[White "Dogodkina,J"]
[Black "Demianjuk,A"]
[Result "1/2-1/2"]
[WhiteElo "2146"]
[BlackElo "2360"]

1.e4 c5 2.Nf3 e6 3.d4 cxd4 4.Nxd4 a6 5.Nc3 Qc7 6.Bd3 Nf6 7.O-O d6 8.a4 b6
9.Be3 Nbd7 10.a5 b5 11.Bxb5 axb5 12.Ncxb5 Qb8 13.c4 Ra6 14.Qa4 Be7 15.b4 Nxe4
16.f3 Nef6 17.Nc3 O-O 18.Rfb1 Bb7 19.b5 Ra8 20.Nc6 Qe8 21.Nxe7+ Qxe7 22.Qb4 Nc5
23.Rd1 Nfd7 24.a6 Bc8 25.Bf4 e5  1/2-1/2

[Event "FSGM May 2013"]
[Site "Budapest HUN"]
[Date "2013.05.11"]
[Round "11.1"]
[White "Atabayev,Y"]
[Black "Kalegin,E"]
[Result "1-0"]
[WhiteElo "2407"]
[BlackElo "2447"]

1.e4 c5 2.Nf3 e6 3.d4 cxd4 4.Nxd4 a6 5.Nc3 b5 6.Bd3 Bb7 7.O-O Qc7 8.Re1 Be7
9.Qg4 h5 10.Qe2 Nc6 11.Nf3 d6 12.a4 b4 13.Na2 Nf6 14.Bg5 Ng4 15.Bxe7 Qxe7
16.Qd2 a5 17.c3 bxc3 18.Nxc3 O-O 19.Be2 Rfd8 20.h3 Nf6 21.Qg5 g6 22.Bb5 Nb4
23.Rad1 Rac8 24.e5 dxe5 25.Nxe5 Nfd5 26.Qxe7 Nxe7 27.Nc4 Nd3 28.Rxd3 Rxd3
29.Nxa5 Rdxc3 30.bxc3 Ba8 31.c4 Nc6 32.Nxc6 Bxc6 33.a5 Kf8 34.f4 Ke7 35.Rd1 Rc7
36.g3 Bb7 37.Kf2 f6 38.Ke3 e5 39.fxe5 fxe5 40.a6 Ba8 41.h4 Bg2 42.Ra1 Kd6
43.a7 Ba8 44.Ra6+ Kc5 45.Rxg6 Rxa7 46.Ra6 Rxa6 47.Bxa6 Bc6 48.Bb5 Bb7 49.Be8 Kxc4
50.Bxh5 Kc5 51.Bf3 Bc8 52.h5  1-0

[Event "HC Andersen Open 2013"]
[Site "Odense DEN"]
[Date "2013.05.11"]
[Round "7.8"]
[White "Thogersen,Rasmus"]
[Black "Rostgaard,T"]
[Result "1/2-1/2"]
[WhiteElo "2013"]
[BlackElo "2275"]

1.e4 c5 2.Nf3 e6 3.d4 cxd4 4.Nxd4 a6 5.Nc3 Qc7 6.Bd3 Nc6 7.Be3 Nf6 8.O-O Ne5
9.Nf3 Nfg4 10.Nxe5 Nxe3 11.fxe3 Qxe5 12.Qf3 f6 13.Rad1 b5 14.Qg4 Bb7 15.Rd2 g6
16.Rdf2 Be7 17.Kh1 O-O 18.Qf4 Kg7 19.Rd2 Bc6 20.Nd1 g5 21.Qxe5 fxe5 22.Rxf8 Rxf8
23.c4 b4 24.Be2 Bc5 25.Bf3 g4 26.Be2 Rf7 27.Kg1 h5 28.Bd3 a5 29.Rf2 Re7 30.Kf1 a4
31.Rd2 Re8 32.Ke2 Kg6 33.Bb1 Kf6 34.Nf2 Bf8 35.Rd1 Rc8 36.g3 b3 37.a3 Rc7
38.Rf1 Kg7 39.Bd3 Bb7 40.Rc1 Rc5 41.Kd2 Ba6 42.Be2 d5 43.exd5 exd5 44.Nd3 Rxc4
45.Rxc4 Bxc4 46.Nc1 Bxa3 47.Bxc4 dxc4 48.bxa3 b2 49.Kc2 bxc1=Q+ 50.Kxc1 Kf7
51.e4 Ke6 52.Kc2 Kd6 53.Kd2  1/2-1/2

[Event "Tschaturanga Open 2013"]
[Site "Vienna AUT"]
[Date "2013.05.11"]
[Round "6.1"]
[White "Weinzettl,E"]
[Black "Baumegger,S"]
[Result "0-1"]
[WhiteElo "2292"]
[BlackElo "2473"]

1.e4 c5 2.Nf3 e6 3.Nc3 a6 4.d4 cxd4 5.Nxd4 d6 6.g3 Bd7 7.Bg2 Nc6 8.O-O Nf6
9.Re1 Be7 10.b3 O-O 11.Bb2 Qc7 12.Nxc6 Bxc6 13.Qe2 b5 14.Rad1 Rac8 15.Nd5 exd5
16.exd5 Bd7  0-1

[Event "FSIMB May 2013"]
[Site "Budapest HUN"]
[Date "2013.05.12"]
[Round "9.1"]
[White "Szalanczy,E"]
[Black "Szeberenyi,A"]
[Result "1-0"]
[WhiteElo "2262"]
[BlackElo "2325"]

1.e4 c5 2.Nf3 e6 3.Nc3 a6 4.d4 cxd4 5.Nxd4 Qc7 6.Bd3 Nc6 7.Be3 Nf6 8.Qe2 Bb4
9.O-O Bxc3 10.bxc3 d5 11.exd5 Nxd5 12.Nxc6 Nxe3 13.fxe3 Qxc6 14.Qh5 g6 15.Qe5 O-O
16.c4 Ra7 17.Qd4 b6 18.Rab1 e5 19.Qxe5 Rc7 20.Qd4  1-0

[Event "Somov Memorial 2013"]
[Site "Kirishi RUS"]
[Date "2013.05.12"]
[Round "4.6"]
[White "Grib,R"]
[Black "Karthikeyan,M2"]
[Result "0-1"]
[WhiteElo "2375"]
[BlackElo "2435"]

1.e4 c5 2.Nf3 e6 3.d4 cxd4 4.Nxd4 a6 5.Nc3 Qc7 6.g3 Nf6 7.Bg2 d6 8.O-O Be7
9.f4 O-O 10.Kh1 Nc6 11.a4 Bd7 12.Nb3 b6 13.Qe2 Bc8 14.Qc4 Bb7 15.Be3 Rac8
16.Rae1 Rfd8 17.Bg1 d5 18.exd5 exd5 19.Qe2 d4 20.Nxd4 Nxd4 21.Bxd4 Bxg2+
22.Kxg2 Rxd4 23.Qxe7 Qc6+ 24.Kg1 Re8 25.Qa3 Rd2 26.Rxe8+ Qxe8 27.Nd1 Qe2
28.Nf2 Ne4 29.Qe7 Nxg3 30.Qxe2 Nxe2+ 31.Kg2 Rxc2 32.Kf3 Nd4+ 33.Ke4 Ne6 34.Nd3 Rxh2
35.f5 Rh4+ 36.Ke5 Nc5 37.Nf4 f6+ 38.Kd5 Nxa4 39.Ne6 Rg4 40.Ra1 Rb4 41.Rg1 Rb5+
42.Kd6 Rxf5 43.Rxg7+ Kh8 44.Ra7 h5 45.Nf8 Rg5 46.Ke6 Nc5+ 47.Kxf6 Ne4+ 48.Ke6 Kg8
49.Nd7 h4 50.Nf6+ Nxf6 51.Kxf6 Rg2 52.Rxa6 h3 53.Ra8+ Kh7 54.Ra7+ Kh6 55.Ra8 Kh5
56.Kf5 Rf2+ 57.Ke4 h2 58.Rh8+ Kg4 59.b4 Kg3 60.Rg8+ Kh3 61.Ke3 Rf3+  0-1

[Event "Somov Memorial 2013"]
[Site "Kirishi RUS"]
[Date "2013.05.14"]
[Round "7.2"]
[White "Chigaev,M"]
[Black "Karthikeyan,M2"]
[Result "1/2-1/2"]
[WhiteElo "2455"]
[BlackElo "2435"]

1.e4 c5 2.Nf3 e6 3.d4 cxd4 4.Nxd4 a6 5.Nc3 Qc7 6.Be2 Nf6 7.O-O d6 8.Be3 b5
9.a4 b4 10.Na2 Nxe4 11.c3 b3 12.Nxb3 Bb7 13.Bf3 Nd7 14.Bd4 e5 15.Re1 Nef6
16.Na5 Bxf3 17.Qxf3 Rc8 18.b4 Be7 19.Be3 O-O 20.Qe2 Nb6 21.Qxa6 Nxa4 22.c4 Nb2
23.Nc3 Nd3 24.Reb1 d5 25.c5 e4 26.Nb5 Qe5 27.Nc6 Rxc6 28.Qxc6 Nxb4 29.Qc7 Qxc7
30.Nxc7 Nc2 31.Ra5 d4 32.Bf4 e3 33.fxe3 dxe3 34.Ra2 Nd4 35.Bxe3 Bxc5 36.Kh1 Ng4
37.Bg1 Bd6 38.Nd5 Nf5 39.Ra6 h5 40.Rf1 Ngh6 41.Ne3 Nxe3 42.Bxe3 Ng4 43.Bg1 Be5
44.Ra5 f6 45.h3 Nh6 46.Bh2 Nf7 47.Bxe5  1/2-1/2

[Event "Open Hradec Kralove 2013"]
[Site "Hradec Kralove CZE"]
[Date "2013.05.18"]
[Round "5"]
[White "Prazak,Matous"]
[Black "Kosar,Matej"]
[Result "1-0"]
[WhiteElo "1784"]
[BlackElo "1667"]

1.e4 c5 2.Nf3 e6 3.d4 cxd4 4.Nxd4 a6 5.Nc3 Qc7 6.Be2 Nf6 7.O-O b5 8.a3 Bb7
9.Bf3 d6 10.g3 Nbd7 11.Bg2 Be7 12.Re1 O-O 13.f4 Rfd8 14.Be3 Rac8 15.h3 Nc5
16.Bf2 Ncd7 17.Qe2 Rf8 18.Rad1 Rfd8 19.e5 Ne8 20.f5 dxe5 21.fxe6 exd4 22.exf7+ Kxf7
23.Qe6+ Kf8 24.Qxe7+ Kg8 25.Nd5 Bxd5 26.Bxd5+ Kh8 27.Rxd4 Nef6 28.Bf7 Qxc2
29.Re6 Qc1+ 30.Kg2 Qc7 31.Rdd6 a5 32.b4 a4 33.Bc5 Qb8 34.Kh2 Qc7 35.h4 Qb8
36.Kh3 Qa8 37.Kh2 Qb8 38.Rc6 Rxc6 39.Rxc6 Ne5 40.Rc7 Neg4+ 41.Kh3 Qa8 42.Bd5 Nf2+
43.Bxf2  1-0

[Event "7th IBC Limburg Open"]
[Site "Limburg NED"]
[Date "2013.05.18"]
[Round "2.8"]
[White "Braun,Christi2"]
[Black "Klein,Fe"]
[Result "1-0"]
[WhiteElo "2365"]
[BlackElo "2293"]

1.e4 c5 2.Nf3 e6 3.d4 cxd4 4.Nxd4 a6 5.Nc3 Qc7 6.Be2 b5 7.O-O Bb7 8.Re1 Nc6
9.Nxc6 dxc6 10.e5 Rd8 11.Bd3 c5 12.Qh5 Ne7 13.Ne4 Bxe4 14.Bxe4 g6 15.Qf3 Bg7
16.Bf4 O-O 17.c3 Rd7 18.a4 bxa4 19.Bc2 Rb8 20.Bxa4 Rd5 21.Qe2 c4 22.Bd1 g5
23.Bxg5 Rxe5 24.Be3 Nf5 25.Rxa6 Nxe3 26.fxe3 Reb5 27.Ra2 Qb6 28.Bc2 Rd8 29.Qxc4 Re5
30.Qf4 Rh5 31.Rf1 Qb7 32.Qf3 Qxf3 33.Rxf3 Be5 34.h3 Rg5 35.Ra7 f5 36.Bb3 Rg6
37.Rxf5 Bb8 38.Re7 Rd2 39.Bxe6+  1-0

[Event "10th Orlova Open"]
[Site "Orlova CZE"]
[Date "2013.05.18"]
[Round "6.12"]
[White "Walica,Roman"]
[Black "Kostka,Vit"]
[Result "1/2-1/2"]
[WhiteElo "1692"]
[BlackElo "1894"]

1.e4 c5 2.Nf3 e6 3.d4 cxd4 4.Nxd4 a6 5.Nc3 Qc7 6.Bd3 Nc6 7.Nb3 b5 8.a3 Bb7
9.O-O Nf6 10.Qe2 Be7 11.Be3 d6 12.Rae1 Nd7 13.f4 Nc5 14.Nxc5 dxc5 15.Qf2 Nd4
16.Kh1 O-O-O 17.a4 b4 18.Ne2 Nxe2 19.Qxe2 Qc6 20.c3 b3 21.Bc4  1/2-1/2

[Event "ch-KGZ Men 2013"]
[Site "Bishkek KGZ"]
[Date "2013.05.19"]
[Round "11"]
[White "Pahomeev,O"]
[Black "Zhahbai,uulu Zhohar"]
[Result "1-0"]
[WhiteElo "1945"]
[BlackElo "2030"]

1.e4 c5 2.Nf3 e6 3.d4 cxd4 4.Nxd4 a6 5.Nc3 Qc7 6.Be2 Nf6 7.O-O d6 8.a4 b6
9.f4 Bb7 10.Bf3 Nbd7 11.Re1 e5 12.Nb3 Be7 13.f5 h6 14.Be3 g6 15.fxg6 fxg6
16.Qe2 Kf7 17.Qf2 Kg7 18.Qg3 Raf8 19.Rad1 Qc4 20.Nd2 Qe6 21.b3 Nc5 22.h3 Kh7
23.Bf2 Rhg8 24.Nc4 b5 25.axb5 axb5 26.Nb6 b4 27.Ncd5 Rg7 28.Nc7 Qf7 29.Bxc5 dxc5
30.Qxe5 Nxe4 31.Ne6 Bf6 32.Nxf8+ Qxf8 33.Qh2 Bd4+ 34.Rxd4 cxd4 35.Bxe4 d3
36.Nc4 Bxe4 37.Rxe4 dxc2 38.Re1 Re7  1-0

[Event "Open Hradec Kralove 2013"]
[Site "Hradec Kralove CZE"]
[Date "2013.05.19"]
[Round "6"]
[White "Flasar,Jaroslav"]
[Black "Vavra,P2"]
[Result "1-0"]
[WhiteElo "1989"]
[BlackElo "2087"]

1.e4 c5 2.Nf3 e6 3.d4 cxd4 4.Nxd4 a6 5.Nc3 Qc7 6.Bd3 b5 7.a3 Bb7 8.O-O Nc6
9.Be3 Nf6 10.Kh1 Be7 11.f4 d6 12.Rf3 Nxd4 13.Bxd4 e5 14.Be3 Ng4 15.Bg1 exf4
16.Rxf4 Ne5 17.Bd4 O-O 18.Qe1 Rae8 19.Qg3 Bd8 20.Raf1 Re6 21.Nd5 Bxd5 22.exd5 Ree8
23.h4 g6 24.Be4 Qe7 25.b3 Nd7 26.Rg4 Ne5 27.Rgf4 Nd7 28.Bf5 Ne5 29.c3 Kh8
30.Bc8 a5 31.Ba6 Qd7 32.c4 bxc4 33.bxc4 Re7 34.Rf6 Kg8 35.c5 dxc5 36.Bxe5 Qxd5
37.Bd6 Re4 38.Bxf8 Bxf6 39.Rxf6 Kxf8 40.Kh2 Qd4 41.Qd6+ Qxd6+ 42.Rxd6 Rxh4+
43.Kg3 Ra4 44.Rd3 Ke7 45.Bb5 Re4 46.Kf3 Re1 47.Rd7+ Ke6 48.Ra7 Rc1 49.Rxa5 f5
50.Kf4 c4 51.Ke3 Rc2 52.Bc6 Kd6 53.Bf3  1-0

[Event "Asian Continental w 2013"]
[Site "Manila PHI"]
[Date "2013.05.19"]
[Round "2.14"]
[White "Dewi,A"]
[Black "Sultana,S"]
[Result "1-0"]
[WhiteElo "2155"]
[BlackElo "2005"]

1.e4 c5 2.Nf3 e6 3.d4 cxd4 4.Nxd4 a6 5.Nc3 Qc7 6.Be2 Nf6 7.O-O Nc6 8.Be3 Bb4
9.Na4 Bd6 10.g3 O-O 11.c4 Nxe4 12.Bf3 f5 13.Bxe4 fxe4 14.c5 Be7 15.Nb6 Rb8
16.Nxc6 dxc6 17.Qc2 e5 18.Nxc8 Rbxc8 19.Qxe4 Rcd8 20.Rad1 Kh8 21.b4 Bf6 22.Rd6 Be7
23.Rd2 Bf6 24.Re1 a5 25.a3 axb4 26.axb4 h6 27.Rd6 Qf7 28.Red1 Qh5 29.R1d2 Ra8
30.Kg2 Ra4 31.Rd7 Bg5 32.Rxb7 Bxe3 33.Qxe3 Qg4 34.h3 Qc4 35.Qxe5 Rg8 36.Rd6 Qc1
37.Rd8  1-0

[Event "Open Hradec Kralove 2013"]
[Site "Hradec Kralove CZE"]
[Date "2013.05.20"]
[Round "8"]
[White "Navratil,Ji3"]
[Black "Arkhipov,Vl1"]
[Result "0-1"]
[WhiteElo "2025"]
[BlackElo "2156"]

1.e4 c5 2.Nf3 e6 3.d4 cxd4 4.Nxd4 a6 5.Nc3 Qc7 6.Be2 b5 7.O-O Bb7 8.Bf3 Nc6
9.Nxc6 dxc6 10.Qe2 Bd6 11.g3 Nf6 12.Rd1 Be5 13.Bg2 c5 14.a4 b4 15.Nb1 O-O
16.Nd2 Rfd8 17.Re1 a5 18.Nc4 Ba6 19.Rb1 Nd7 20.b3 Nb6 21.Bf1 Bxc4 22.bxc4 Nxa4
23.Bd2 Nc3 24.Bxc3 Bxc3 25.Red1 Rxd1 26.Rxd1 a4 27.e5 a3 28.Qe4 Rc8 29.Bd3 g6
30.Qe2 a2 31.Qf1 Qxe5  0-1

[Event "Asian Continental w 2013"]
[Site "Manila PHI"]
[Date "2013.05.20"]
[Round "3.18"]
[White "Lkhamsuren,U"]
[Black "Sultana,S"]
[Result "1-0"]
[WhiteElo "2137"]
[BlackElo "2005"]

1.e4 c5 2.Nf3 e6 3.d4 cxd4 4.Nxd4 a6 5.Nc3 Qc7 6.Bd3 Nf6 7.f4 Bb4 8.Bd2 d6
9.Qf3 Bd7 10.Qg3 O-O 11.e5 dxe5 12.fxe5 Ne8 13.O-O-O f5 14.exf6 Qxg3 15.hxg3 Nxf6
16.Rde1 Re8 17.Ne4 Bxd2+ 18.Kxd2 Nxe4+ 19.Bxe4 g6 20.Bxb7 Ra7 21.Bf3 e5 22.Bd5+ Kg7
23.Nf3 Bc6 24.Bxc6 Nxc6 25.Rh4 Rae7 26.Rc4 e4 27.Rxc6 Rd7+ 28.Nd4 Rxd4+ 29.Kc3 Rd5
30.Re3 a5 31.Rc4 Rde5 32.Kd2 Kf6 33.Rd4 Kf5 34.Re1 Kg4 35.Re3 Kf5 36.a3 h5
37.b4 Rb8 38.Rb3 Rc8 39.c4 a4 40.Re3 g5 41.c5 h4 42.gxh4 gxh4 43.Ke2 Rg8
44.Kf2 Re6 45.Kf1 Kf4 46.Rh3 Ke5 47.Rd2 Rg4 48.b5 Rf6+ 49.Kg1 Rfg6 50.c6 Rg7
51.b6 Kf4 52.b7 Rg8 53.c7 e3 54.Rd7  1-0

[Event "Open Hradec Kralove 2013"]
[Site "Hradec Kralove CZE"]
[Date "2013.05.21"]
[Round "9"]
[White "Rojikova,Lenka"]
[Black "Navratil,Ji3"]
[Result "0-1"]
[WhiteElo "1852"]
[BlackElo "2025"]

1.e4 c5 2.Nf3 e6 3.d4 cxd4 4.Nxd4 a6 5.Nc3 Qc7 6.Bd3 Nc6 7.Be3 Nf6 8.O-O Ne5
9.h3 b5 10.a4 b4 11.Nce2 Bb7 12.f3 d5 13.exd5 Nxd5 14.Bf2 Nxd3 15.Qxd3 Bd6
16.Rfc1 Qe7 17.Bg3 O-O 18.Qd2 Rfd8 19.Rd1 Bc5 20.Bf2 e5 21.Nb3 Bxf2+ 22.Kxf2 Nc3
23.Qxd8+ Rxd8 24.bxc3 bxc3 25.Nxc3 Rc8 26.Rd3 e4 27.fxe4 Bxe4 28.Nxe4 Qxe4
29.Nd2 Qf4+ 30.Kg1 g6 31.c4 Qc7 32.Raa3 Re8 33.Re3 Rxe3 34.Rxe3 Qd7 35.Re2 Qxa4
36.Kf2 Qc2 37.Re8+ Kg7 38.Ke2 a5 39.Ra8 a4 40.Ra6 h6 41.Ra7 Kf6 42.Ra5 h5
43.h4 Ke6 44.Ke1 a3  0-1

[Event "Gligoric Cup 2013"]
[Site "Banja Koviljaca SRB"]
[Date "2013.05.25"]
[Round "6.7"]
[White "Dragovic,M"]
[Black "Andrijevic,M"]
[Result "1/2-1/2"]
[WhiteElo "2374"]
[BlackElo "2335"]

1.e4 c5 2.Nf3 e6 3.Nc3 a6 4.d4 cxd4 5.Nxd4 Qc7 6.Bd3 Nc6 7.Nxc6 dxc6 8.O-O e5
9.a4 b6 10.a5 b5 11.Be3 Bd6 12.Qd2 Nf6 13.Rfd1 Be7 14.b4 O-O 15.Bb6 Qb8 16.Ne2 Be6
17.Ng3 Qc8 18.Rac1 h5 19.f3 h4 20.Nf1 h3 21.g3 c5 22.c4 Nd7 23.cxb5 Nxb6
24.axb6 c4 25.Ne3 axb5 26.Nd5 Bxd5 27.exd5 Qb7 28.Bf5 Qxb6+ 29.Kh1 Bd6 30.Bxh3 Ra3
31.Bg2 Rd3 32.Qe2 Rxd1+ 33.Rxd1 Ra8 34.Bh3 Ra3 35.f4 Re3 36.Qg4 Qb7 37.fxe5 Rxe5
38.Qd7 Qxd7 39.Bxd7 c3 40.Rc1 Bxb4 41.Bxb5 Rxd5 42.Ba4 Rd2 43.Rc2 Rd1+ 44.Kg2 Kf8
45.Re2 Rd8 46.Kf3 g6 47.Bc2 Kg7 48.Re4 Bc5 49.Re2 f5 50.Re6 Rd2 51.Re2 Rd6
52.Kg2 Kf6 53.Kf3 Bd4 54.Kg2 Rc6 55.h4 Rb6 56.Kf3 Rb4 57.Rg2 Be5 58.Re2 Rd4
59.Rg2 Rg4 60.Rg1 Kg7 61.h5 gxh5 62.Bxf5 Ra4 63.Bc2  1/2-1/2

[Event "Gligoric Cup 2013"]
[Site "Banja Koviljaca SRB"]
[Date "2013.05.26"]
[Round "7.1"]
[White "Vuckovic,Bo"]
[Black "Rajkovic,Du"]
[Result "1-0"]
[WhiteElo "2600"]
[BlackElo "2392"]

1.e4 c5 2.Nf3 e6 3.d4 cxd4 4.Nxd4 a6 5.Nc3 Qc7 6.Bd3 Nc6 7.Nxc6 bxc6 8.O-O Nf6
9.f4 d5 10.Qe2 Be7 11.b3 O-O 12.Kh1 Bb7 13.Bb2 Rfe8 14.Rae1 c5 15.e5 Nd7
16.Nd1 c4 17.Bxh7+ Kxh7 18.Qh5+ Kg8 19.f5 d4 20.Bxd4 Qc6 21.Rf3 Rad8 22.Ne3 exf5
23.e6 fxe6 24.Bxg7 Bf8 25.Rg3  1-0

[Event "ZANOS 2013"]
[Site "Novi Sad/Vukovar SRB/CRO"]
[Date "2013.05.30"]
[Round "7.1"]
[White "Colovic,A"]
[Black "Martorelli,A"]
[Result "1-0"]
[WhiteElo "2488"]
[BlackElo "2231"]

1.e4 c5 2.Nf3 e6 3.d4 cxd4 4.Nxd4 a6 5.Nc3 Qc7 6.Be2 b5 7.O-O Bb7 8.Bf3 Nc6
9.Re1 Ne5 10.Bf4 Nxf3+ 11.Qxf3 e5 12.Nd5 Bxd5 13.exd5 d6 14.Bxe5 dxe5 15.d6 Qc8
16.Rxe5+ Kd7 17.Qxf7+  1-0

[Event "Grand Europe Open Albena"]
[Site "Albena BUL"]
[Date "2013.06.01"]
[Round "1.62"]
[White "Galinskyi,Mykhalo"]
[Black "Spassov,L"]
[Result "0-1"]
[WhiteElo "1466"]
[BlackElo "2335"]

1.e4 c5 2.Nf3 e6 3.d4 cxd4 4.Nxd4 a6 5.Nc3 b5 6.a3 Bb7 7.f3 Qc7 8.Qd3 Nf6
9.Be3 Be7 10.f4 d6 11.Be2 Nbd7 12.b4 Rc8 13.Bd2 O-O 14.Bf3 Rfd8 15.O-O Ne5
16.fxe5 dxe5 17.Nxe6 fxe6 18.Qe2 Rxd2 19.Qxd2 Qxc3 20.Qxc3 Rxc3 21.Ra2 Nxe4
22.Re1 Rc4 23.Rb2 Bd8 24.h3 Bb6+ 25.Kh2 Bd5 26.Be2 Rc3 27.Bd3 Nf2 28.Rxe5 Bc7
29.Kg1 Bxe5 30.Kxf2 Rxd3 31.Ke2 Bxb2 32.Kxd3 Bxa3  0-1

[Event "6th Mayors Cup 2013"]
[Site "Mumbai IND"]
[Date "2013.06.01"]
[Round "5"]
[White "Amonatov,F"]
[Black "Shyam,N"]
[Result "1-0"]
[WhiteElo "2616"]
[BlackElo "2408"]

1.e4 c5 2.Nf3 e6 3.d4 cxd4 4.Nxd4 a6 5.Nc3 b5 6.Bd3 Bb7 7.O-O Bc5 8.Nf3 d6
9.Bg5 f6 10.Bd2 Ne7 11.a4 b4 12.Na2 Nbc6 13.Bc4 d5 14.exd5 Na5 15.Bd3 Nxd5
16.Qe2 Qb6 17.Rae1 Kf7 18.c3 b3 19.Nb4 g6 20.Nxd5 exd5 21.Nd4 Rae8 22.Qg4 Bc8
23.Qh4 Rxe1 24.Rxe1 h5 25.Qg3 Rg8 26.Qf3 Rd8 27.Qe3 g5 28.h4 Nc4 29.Bxc4 dxc4
30.hxg5 Bxd4 31.cxd4 Qxd4 32.g6+  1-0

[Event "3rd Women Masters"]
[Site "Wuxi CHN"]
[Date "2013.06.01"]
[Round "2.3"]
[White "Zhang Xiaowen"]
[Black "Javakhishvili,L"]
[Result "1-0"]
[WhiteElo "2367"]
[BlackElo "2464"]

1.e4 c5 2.Nf3 e6 3.d4 cxd4 4.Nxd4 a6 5.Nc3 Qc7 6.Be2 Nf6 7.O-O Be7 8.f4 d6
9.a4 O-O 10.Kh1 b6 11.Bf3 Bb7 12.e5 dxe5 13.fxe5 Nfd7 14.Bxb7 Qxb7 15.Bf4 Nc6
16.Qf3 Rac8 17.Rad1 Nc5 18.Nxc6 Qxc6 19.Qxc6 Rxc6 20.b4 Nb7 21.Rd7 Rxc3 22.Rxe7 Nd8
23.b5 axb5 24.axb5 Rxc2 25.Rd7 f6 26.exf6 gxf6 27.Bh6 Re8 28.Rg7+ Kh8 29.Rd1 Rb2
30.g3 Rg8 31.Re7 Nf7 32.Rxf7 Ra8 33.Ra7  1-0

[Event "Grand Europe Open Albena"]
[Site "Albena BUL"]
[Date "2013.06.02"]
[Round "2.22"]
[White "Berescu,A"]
[Black "Dambrauskas,V"]
[Result "1-0"]
[WhiteElo "2461"]
[BlackElo "2285"]

1.e4 c5 2.Nf3 e6 3.d4 cxd4 4.Nxd4 a6 5.Nc3 Qc7 6.Bd3 Nf6 7.O-O b5 8.Re1 Bb7
9.e5 b4 10.exf6 bxc3 11.fxg7 Bxg7 12.bxc3 Nc6 13.Rb1 Rg8 14.Nf5 Bf8 15.Ng3 Ne7
16.Bxh7 Rh8 17.Be4 d5 18.Bf3 Bc6 19.Qd4 Rh7 20.Bf4 Qa5 21.Nh5 Ng8 22.c4 Bc5
23.Qd3 Rxh5 24.Bxh5 dxc4 25.Qh7 O-O-O 26.Rb8+  1-0

[Event "FSFMB June 2013"]
[Site "Budapest HUN"]
[Date "2013.06.04"]
[Round "4.2"]
[White "Takacs,Z"]
[Black "Lukacs,Albert"]
[Result "0-1"]
[WhiteElo "1830"]
[BlackElo "1917"]

1.e4 c5 2.Nf3 e6 3.d4 cxd4 4.Nxd4 a6 5.Nc3 Qc7 6.Bd3 Nf6 7.O-O Nc6 8.Nxc6 dxc6
9.f4 Bc5+ 10.Kh1 e5 11.h3 h5 12.fxe5 Ng4 13.Qf3 Be6 14.Bf4 O-O-O 15.Nd1 Rdg8
16.c3 g5 17.Bh2 Nxh2 18.Kxh2 g4 19.Qf4 gxh3 20.gxh3 Qd7 21.Be2 Bxh3 22.Re1  0-1

[Event "6th Mayors Cup 2013"]
[Site "Mumbai IND"]
[Date "2013.06.04"]
[Round "9"]
[White "Amonatov,F"]
[Black "Papin,V"]
[Result "1-0"]
[WhiteElo "2616"]
[BlackElo "2552"]

1.e4 c5 2.Nf3 e6 3.d4 cxd4 4.Nxd4 a6 5.Nc3 Qc7 6.Bd3 Nf6 7.f4 d6 8.Qe2 Nbd7
9.g4 Nc5 10.g5 Nfd7 11.Bd2 g6 12.O-O-O Bg7 13.Nf3 b5 14.a3 Nxd3+ 15.Qxd3 Nc5
16.Qe2 Bb7 17.f5 gxf5 18.exf5 O-O-O 19.f6 Bf8 20.Bf4 h6 21.Rhf1 hxg5 22.Nxg5 Bh6
23.h4 e5 24.Be3 Bxg5 25.hxg5 Ne6 26.Nd5 Bxd5 27.Rxd5 Qc4 28.Qxc4+ bxc4 29.Rfd1 Nc7
30.Bb6  1-0

[Event "Icelandic Open Championship 2013"]
[Site "Reykjavik ISL"]
[Date "2013.06.04"]
[Round "6.20"]
[White "Grove,Michael"]
[Black "Petersson,Baldur Teodor"]
[Result "1-0"]
[WhiteElo "2021"]
[BlackElo "1585"]

1.e4 c5 2.Nf3 e6 3.d4 cxd4 4.Nxd4 a6 5.Nc3 Qc7 6.Bd3 Nc6 7.Nxc6 dxc6 8.O-O Nf6
9.Be3 b5 10.f4 Bb7 11.e5 Nd7 12.Ne4 c5 13.c3 Rd8 14.Qe2 Nb6 15.Rad1 Nd5 16.Bc1 c4
17.Bc2 Be7 18.Rf3 g6 19.Bd2 Nb6 20.Be1 Rxd1 21.Qxd1 O-O 22.Rh3 Bxe4 23.Bxe4 Rd8
24.Qe2 Nd7 25.b4 cxb3 26.axb3 Nc5 27.Bc2 Qc6 28.b4 Nd7 29.Be4 Qc7 30.Rd3 Nb6
31.Rxd8+ Bxd8 32.Qd3 Nc4 33.Bf2 Qc8 34.Bb7 Qxb7 35.Qxd8+ Kg7 36.Bc5 Kh6 37.Bf8+  1-0

[Event "35th Nezhmetdinov Cup"]
[Site "Kazan RUS"]
[Date "2013.06.06"]
[Round "7.28"]
[White "Fakhrutdinov,Timur"]
[Black "Ozolin,M"]
[Result "0-1"]
[WhiteElo "2128"]
[BlackElo "2387"]

1.e4 c5 2.Nf3 e6 3.d4 cxd4 4.Nxd4 a6 5.Nc3 b5 6.Bd3 Qb6 7.Nb3 Qc7 8.O-O Nf6
9.a3 Bb7 10.Qe2 d6 11.f4 Nbd7 12.Bd2 Be7 13.Rae1 e5 14.Kh1 Rc8 15.a4 b4 16.Na2 Nc5
17.Nxc5 dxc5 18.Bxa6 Bxa6 19.Qxa6 O-O 20.Qe2 Rcd8 21.Be3 Bd6 22.Bg1 Qc6 23.fxe5 Bxe5
24.b3 Bd4 25.e5 Nd5 26.Qc4 Nb6 27.Qa6 Ra8 28.Qe2 Rad8 29.Qa6 Ra8 30.Qe2 Rad8
31.Bxd4 Rxd4 32.c3 bxc3 33.Nxc3 Qe6 34.Qc2 c4 35.Qf2 Rdd8 36.bxc4 Nxc4 37.Qf4 Nb6
38.Qh4 Qc4 39.Qxc4 Nxc4 40.Rf4 Na5 41.Kg1 Rfe8 42.Rfe4 Rd2 43.Nb5 h6 44.e6 Rxe6
45.Rxe6 fxe6 46.Rxe6 Ra2 47.Re4 Kf7 48.h3 Kf6 49.Kh2 Nb3 50.Nc3 Ra1 51.g4 Nc5
52.Rc4 Nd3 53.Kg2 Ne5 54.Rb4 Nd3 55.Rb5 Ra3 56.Nd5+ Ke6 57.a5 Kd6 58.Nb6 Nf4+
59.Kf1 Kc6 60.Rf5 Nxh3 61.Nc4 Ra2 62.Ne5+ Kd5 63.Nd7+ Ke4 64.Rb5 Nf4 65.Nc5+ Kf3
66.Kg1 Ne2+  0-1

[Event "35th Nezhmetdinov Cup"]
[Site "Kazan RUS"]
[Date "2013.06.07"]
[Round "8.30"]
[White "Zlachevskiy,L"]
[Black "Faizrakhmanov,Ramil"]
[Result "0-1"]
[WhiteElo "2125"]
[BlackElo "2317"]

1.e4 c5 2.Ne2 e6 3.d4 cxd4 4.Nxd4 a6 5.Nc3 Qc7 6.Be2 b5 7.a3 Bb7 8.Be3 Nc6
9.O-O Nf6 10.Kh1 Be7 11.f4 Nxd4 12.Qxd4 O-O 13.e5 Nd5 14.Nxd5 Bxd5 15.f5 f6
16.fxe6 dxe6 17.Rac1 fxe5 18.Qg4 Rxf1+ 19.Bxf1 e4 20.Bd4 Bc5 21.Bxc5 Qxc5
22.Qg5 Rf8 23.h4 h6 24.Qd2 Qf2 25.Qxf2 Rxf2 26.b3 e3 27.Re1 e2  0-1

[Event "3rd Ortega Rating"]
[Site "Ortega COL"]
[Date "2013.06.07"]
[Round "1.2"]
[White "Velasquez,Angie Gabriela"]
[Black "Zapata,Alo"]
[Result "0-1"]
[WhiteElo "1776"]
[BlackElo "2483"]

1.e4 c5 2.Nf3 e6 3.d4 cxd4 4.Nxd4 a6 5.Nc3 b5 6.Bd3 Bb7 7.Qe2 Ne7 8.a3 Nec6
9.Nb3 d6 10.Be3 Nd7 11.f3 Be7 12.Qf2 Rc8 13.O-O Nce5 14.f4 Ng4 15.Qg3 Nxe3
16.Qxe3 O-O 17.Qh3 Re8 18.Nd2 Nc5 19.Be2 Bf6 20.Rf3 Bxc3 21.Rxc3 Nxe4 22.Rd1  0-1

[Event "3rd Ortega Rating"]
[Site "Ortega COL"]
[Date "2013.06.08"]
[Round "4.7"]
[White "Franco Valencia,A"]
[Black "Torres,Ju2"]
[Result "0-1"]
[WhiteElo "2165"]
[BlackElo "2342"]

1.e4 c5 2.Nf3 e6 3.d4 cxd4 4.Nxd4 a6 5.Nc3 Qc7 6.g3 Nf6 7.Bg2 d6 8.O-O Be7
9.Kh1 Nc6 10.Nb3 b5 11.a3 Bb7 12.f4 Rc8 13.Be3 Nd7 14.f5 O-O 15.fxe6 fxe6
16.Qg4 Rxf1+ 17.Rxf1 Nf8 18.Bd4 Ne5 19.Qh5 Bf6 20.g4 Qe7 21.Nd2 Nfg6 22.Be3 Nc4
23.Nxc4 Rxc4 24.Bd2 Bxc3 25.Bxc3 Bxe4 26.Bxe4 Rxe4 27.Qh3 Qb7 28.Qf3 h6 29.h3 e5
30.Kg1 Nf4 31.Bd2 g5 32.Qb3+ Qf7 33.Qf3 Qc4 34.Kh1 d5 35.Rf2 Re2 36.Bxf4 Rxf2
37.Qxf2 gxf4 38.Qb6 Qe4+ 39.Kh2 Qxc2+ 40.Kh1 Qc1+ 41.Kh2 Qxb2+ 42.Kh1 Qc1+
43.Kh2 Qd2+ 44.Kh1 Qe1+  0-1

[Event "Zonal 3.4 2013"]
[Site "Osh KGZ"]
[Date "2013.06.08"]
[Round "2"]
[White "Atabayev,Y"]
[Black "Zhahbai,uulu Zhohar"]
[Result "1-0"]
[WhiteElo "2443"]
[BlackElo "2009"]

1.e4 c5 2.Nf3 e6 3.d4 cxd4 4.Nxd4 a6 5.Nc3 Qc7 6.Be2 Nf6 7.O-O Bb4 8.Bf3 Bxc3
9.bxc3 d6 10.Ba3 Nbd7 11.Nb3 Ke7 12.Qd2 e5 13.Qg5 h6 14.Qxg7 Rh7 15.Qg3 Nc5
16.Rfd1 b6 17.Bxc5 bxc5 18.Nd2 Be6 19.Nf1 Rg8 20.Qh4 Bg4 21.Ng3 Bxf3 22.gxf3 Rg5
23.Rab1 Nh5 24.Kh1 Nf4 25.Nf5+ Kd7 26.Ne3 Qd8 27.Nf5 Kc7 28.Rxd6 Qxd6 29.Nxd6 Kxd6
30.Rd1+ Ke6 31.Rg1 Rxg1+ 32.Kxg1  1-0